Welcome to the Holygrace Academy Library

Please use search bar below to get started

BABY NAMES FOR BOYS (Record no. 6769)

MARC details
000 -LEADER
fixed length control field 00306nam a22001337a 4500
020 ## - INTERNATIONAL STANDARD BOOK NUMBER
ISBN 9788183520737
082 ## - DEWEY DECIMAL CLASSIFICATION NUMBER
Classification number 080
Item number KUM/B
100 ## - MAIN ENTRY--AUTHOR NAME
Personal name MATHUR NIHARIKA
245 ## - TITLE STATEMENT
Title BABY NAMES FOR BOYS
260 ## - PUBLICATION, DISTRIBUTION, ETC. (IMPRINT)
Place of publication NEW DELHI
Name of publisher MAHAVEER PUBLISHERS
Year of publication 2010
300 ## - PHYSICAL DESCRIPTION
Number of Pages 190
520 ## - SUMMARY, ETC.
Summary, etc BABY NAMES FOR BOYS
942 ## - ADDED ENTRY ELEMENTS (KOHA)
Koha item type Books
Holdings
Withdrawn status Lost status Collection code Home library Current library Shelving location Date acquired Source of acquisition Cost, normal purchase price Full call number Accession Number Koha item type
    G.K Main Library Main Library SHELF-17E-SCIENCE RELATED BOOKS 03/10/2019 Purchase 99.00 080 KUM/B 11581 Books